Os 12 signos do zodíaco - Statistics

Estatísticas Gerais
  • Esse quiz foi jogado 617 vezes
    552 desde o último reset
  • A pontuação média é 10 de 12
Estatísticas das Respostas
Hint Resposta % Correto
21/01 - 19/02 Aquário
93%
20/02 - 20/03 Peixes
93%
21/04 - 21/05 Touro
87%
28/08 - 23/09 Virgem
86%
22/12 - 20/01 Capricórnio
85%
22/05 - 21/06 Gêmeos
85%
22/06 - 23/07 Câncer
84%
24/07 - 23/08 Leão
84%
24/09 - 23/10 Libra
83%
23/11 - 21/12 Sagitário
82%
21/03 - 20/04 Áries
81%
24/10 - 22/11 Escorpião
81%
Nenhum quiz correspondente encontrado
Distribuição das Pontuações
Porcentagem de Pessoas com Cada Pontuação
Percentil de Números Respondidos
Sua Pontuação Histórica
Você não jogou esse quiz desde o último reset